| 000 | 00360nam a2200145Ia 4500 | ||
|---|---|---|---|
| 008 | 150201s2009 xx 000 0 und d | ||
| 082 |
_a610.73 _bF09H |
||
| 100 | _aHARKENDER, HELEN | ||
| 245 | _aFUNDAMENTAL NURSING : CARING & CLINICAL JUDGMENT | ||
| 250 | _a3RD | ||
| 260 |
_bELSEVIER _aINDIA _c2009 |
||
| 300 | _a1394 | ||
| 650 | _aNURSING | ||
| 942 |
_2ddc _cBK |
||
| 999 |
_c2297 _d2297 |
||